000 00431nam a2200205Ia 4500
001 12054
003 GE_BSU
008 181216s||||||||xx |||||||||||||| ||und||
020 _a9780330490689
040 _cGE_BSU
080 _a821.111-312.4
100 _aFolle,Ken
245 _aHornet flight
260 _aLondon
260 _bPan Books
260 _c2002.
300 _a582p;18cm.
653 _aHornet flight
942 _cBK
999 _c45231
_d45231